[Event "52nd Groningen Open"]
[Site "Groningen NED"]
[Date "2014.12.23"]
[Round "3.27"]
[White "De Jong, Migchiel"]
[Black "Ratsma, Midas"]
[Result "1-0"]
[WhiteTitle "IM"]
[WhiteElo "2320"]
[BlackElo "2137"]
[WhiteFideId "1002848"]
[BlackFideId "1032283"]
[EventDate "2014.12.21"]

1. e4 e6 2. d4 d5 3. Nc3 Bb4 4. e5 c5 5. Bd2 Ne7 6. a3 Bxc3 7. Bxc3 Nbc6 8. Nf3
cxd4 9. Bxd4 Nxd4 10. Qxd4 O-O 11. Bd3 Nc6 12. Qe3 Qa5+ 13. c3 f6 14. O-O Bd7
15. Rfe1 Nxe5 16. Nxe5 fxe5 17. Qxe5 Rf6 18. Qd6 Qd8 19. Re3 Bc6 20. Qe5 Qb6 21.
b4 Raf8 22. Ra2 Bb5 23. Bb1 Qc6 24. Rd2 Qa6 25. Qh5 g6 26. Qd1 Qxa3 27. c4 Qxb4
28. cxb5 Qxb5 29. Qe1 Qc6 30. h4 Qd6 31. Rde2 Re8 32. Bd3 Kg7 33. h5 g5 34. Re5
h6 35. Bf5 d4 36. Rxe6 Rexe6 37. Rxe6 Rxe6 38. Bxe6 d3 39. Qe4 Kf6 40. Bd5 d2
41. Qd4+ Qe5 42. Qxd2 b5 43. Qd3 Qe1+ 44. Qf1 Qxf1+ 45. Kxf1 Ke5 46. Bc6 b4 47.
Ke2 Kd4 48. g4 a5 49. Kd2 Ke5 50. Kc2 Kd4 51. Kb3 Kd3 52. f4 gxf4 53. g5 1-0

[Event "52nd Groningen Open"]
[Site "Groningen NED"]
[Date "2014.12.23"]
[Round "3.28"]
[White "Kolbus, Dietmar"]
[Black "Mollema, Thomas"]
[Result "1/2-1/2"]
[WhiteTitle "IM"]
[WhiteElo "2317"]
[BlackElo "2136"]
[WhiteFideId "4610628"]
[BlackFideId "1034987"]
[EventDate "2014.12.21"]

1. Nf3 f5 2. c4 Nf6 3. g3 g6 4. d4 Bg7 5. b4 c6 6. a4 d5 7. Qc2 Be6 8. c5 O-O 9.
Bg2 h6 10. Ne5 Qe8 11. f4 a5 12. bxa5 Bc8 13. Nd2 Nfd7 14. Ndf3 Na6 15. Nxd7
Qxd7 16. Ne5 Qe8 17. Bd2 Nc7 18. Nf3 Rf6 19. Rb1 Rf7 20. Rb6 Bf6 21. h4 h5 22.
O-O e6 23. Ne5 Rg7 24. Rfb1 Na6 25. Kf2 Ra7 26. Bf3 Bd8 27. Qc3 Ra8 28. Bc1 Ra7
29. Ba3 Ra8 30. R1b3 Ra7 31. Nd3 Bc7 32. Qb2 Bd8 33. Kf1 Rh7 34. Nf2 Rg7 35. Nh3
Qf8 36. Ng5 Re7 37. Qd2 Qe8 38. Re3 Ra8 39. Bg2 Ra7 40. Nf3 Rg7 41. Ne5 Re7 42.
Nd3 Bc7 43. Nb4 Nxb4 44. Qxb4 Kh8 45. Ke1 Kg7 46. Kd1 Kf6 47. Kc2 Kg7 48. Kb1
Kf6 49. Ka2 Kg7 50. Rb3 Kf6 51. Bf3 Rf7 52. Qd2 Qd8 53. e3 Rg7 54. Be2 Rf7 55.
Bd3 Ra8 56. Rb1 Rd7 57. Qc3 Kf7 58. Qb4 Kf6 59. Qe1 Kf7 60. R1b3 Kf6 61. Bb2 Rf7
62. Bc3 Rd7 63. Qb1 Rf7 64. Ka3 Rd7 65. a6 bxa6 66. Rxc6 a5 67. Qf1 Rf7 68. Qe1
Rh7 69. Rb2 Rf7 70. Qd2 Rh7 71. Qe2 Rf7 72. Qd1 Rh7 73. Qb1 Rf7 74. Qc1 Rh7 75.
Be2 Rf7 76. Qb1 Rh7 77. Qa2 Rd7 78. Bf3 Ba6 79. Be2 Bc8 80. Bd3 Rf7 81. Bf1 Rd7
82. Qb1 Rh7 83. Be2 Rf7 84. Qh1 Rd7 85. Qf1 Rh7 86. Bd3 Re7 87. Rb1 Kf7 88. Rb2
Kf6 89. Qb1 1/2-1/2

[Event "52nd Groningen Open"]
[Site "Groningen NED"]
[Date "2014.12.23"]
[Round "3.29"]
[White "Theulings, Paul-Peter"]
[Black "Dijkhuis, Tycho"]
[Result "0-1"]
[WhiteTitle "CM"]
[BlackTitle "FM"]
[WhiteElo "2132"]
[BlackElo "2317"]
[WhiteFideId "1002899"]
[BlackFideId "1036564"]
[EventDate "2014.12.21"]

1. Nf3 g6 2. c4 Bg7 3. d4 Nf6 4. g3 c5 5. Bg2 O-O 6. O-O cxd4 7. Nxd4 Nc6 8. Nc3
Qa5 9. Nb3 Qh5 10. c5 a5 11. e3 a4 12. Qxh5 Nxh5 13. Nd4 Nxd4 14. exd4 Bxd4 15.
Bh6 Bxc3 16. Bxf8 Bf6 17. Bh6 a3 18. b4 Bxa1 19. Rxa1 Ng7 20. Rd1 Ra4 21. b5 Ne6
22. c6 bxc6 23. bxc6 Rd4 24. Rb1 dxc6 25. Bxc6 f6 26. Rb8 Rd1+ 27. Kg2 Rd8 28.
Rxc8 Rxc8 29. Bd7 Nf4+ 30. Bxf4 Ra8 31. Be6+ Kf8 32. h4 Ra6 33. Bc4 Ra8 34. Bd2
e5 35. Bb4+ Ke8 36. Kf3 Kd7 37. Ke4 h6 38. Kd5 h5 39. Bb5+ Kc7 40. Ke6 Kb6 41.
Bd7 Kc7 42. Bd6+ Kd8 43. Bb5 Ra5 44. Bd3 0-1

[Event "52nd Groningen Open"]
[Site "Groningen NED"]
[Date "2014.12.23"]
[Round "3.30"]
[White "Ebralidze, Alexandre"]
[Black "Wacker, Peter"]
[Result "0-1"]
[BlackTitle "FM"]
[WhiteElo "2128"]
[BlackElo "2305"]
[WhiteFideId "13604660"]
[BlackFideId "4615751"]
[EventDate "2014.12.21"]

1. d4 Nf6 2. c4 e6 3. Nf3 b6 4. a3 Bb7 5. Nc3 d5 6. cxd5 exd5 7. Bg5 Be7 8. e3
O-O 9. Bd3 Nbd7 10. O-O c5 11. Rc1 Re8 12. Qc2 a6 13. Ne5 Nf8 14. f4 cxd4 15.
exd4 b5 16. Ne2 Ne4 17. Bxe7 Qxe7 18. Qc7 Nd2 19. Rf2 Nc4 20. Qxe7 Rxe7 21. Ng3
g6 22. a4 Ne6 23. Rd1 Nxe5 24. dxe5 bxa4 25. Bc2 Nc5 26. Ne2 Bc6 27. Nc3 Rd8 28.
Rfd2 Red7 29. Ra1 Rb7 30. Nxa4 Bxa4 31. Bxa4 Rb4 32. Bd1 Rxf4 33. Ra5 Rc4 34.
Rc2 Nd3 35. Rxd5 Rxd5 36. Rxc4 Rxe5 37. Rc8+ Kg7 0-1

[Event "52nd Groningen Open"]
[Site "Groningen NED"]
[Date "2014.12.23"]
[Round "3.31"]
[White "Lomasov, Semen"]
[Black "Warmerdam, Max"]
[Result "0-1"]
[WhiteElo "2305"]
[BlackElo "2123"]
[WhiteFideId "24164879"]
[BlackFideId "1048104"]
[EventDate "2014.12.21"]

1. e4 e5 2. Nf3 Nc6 3. Bb5 a6 4. Ba4 Nf6 5. O-O Be7 6. Re1 b5 7. Bb3 d6 8. h3
Na5 9. c3 Nxb3 10. axb3 Bb7 11. d3 O-O 12. Bg5 Nh5 13. Bc1 f5 14. Nd4 exd4 15.
Qxh5 fxe4 16. dxe4 Bh4 17. g3 Qf6 18. Qe2 Rae8 19. Nd2 dxc3 20. bxc3 Qxc3 21.
Ra2 Bxg3 22. Nb1 Qd4 23. Rd2 Qb6 24. Rf1 Rxe4 25. Qd3 Bxf2+ 26. Rdxf2 Rxf2 0-1

[Event "52nd Groningen Open"]
[Site "Groningen NED"]
[Date "2014.12.23"]
[Round "3.32"]
[White "Afek, Yochanan"]
[Black "Sparenberg, Erik"]
[Result "1/2-1/2"]
[WhiteTitle "IM"]
[WhiteElo "2285"]
[BlackElo "2105"]
[WhiteFideId "2800462"]
[BlackFideId "1013262"]
[EventDate "2014.12.21"]

1. e4 e5 2. Nf3 Nc6 3. d4 exd4 4. Nxd4 Nf6 5. Nc3 Bb4 6. Nxc6 bxc6 7. Bd3 d5 8.
exd5 cxd5 9. O-O O-O 10. h3 c6 11. Qf3 Re8 12. Bf4 Be6 13. Ne2 Bd6 14. Rfe1 Qc7
15. c3 Bd7 16. Bxd6 Qxd6 17. Ng3 Re5 18. Rxe5 Qxe5 19. Qe3 Qxe3 20. fxe3 Kf8 21.
e4 Rb8 22. b3 Re8 23. Rd1 a5 24. exd5 cxd5 25. Kf2 Rc8 26. Ne2 Ke7 27. Ke3 Ne8
28. Nf4 Be6 29. Kd4 Kd6 30. Re1 Nc7 31. c4 dxc4 32. bxc4 g5 33. Ne2 Na6 34. Nc3
Nb4 35. c5+ Ke7 36. Bxh7 Rd8+ 37. Ke4 Nd3 38. Rb1 Nxc5+ 39. Ke3 f5 40. Ne2 Rd3+
41. Kf2 Ne4+ 42. Ke1 Re3 43. Rb7+ Kf6 44. Rb6 Ke7 45. Rb7+ Kd6 46. Rb6+ Kd7 47.
Kd1 Rd3+ 48. Ke1 Re3 49. Kd1 Nf6 50. Bxf5 Bxf5 51. Rxf6 Be6 1/2-1/2

[Event "52nd Groningen Open"]
[Site "Groningen NED"]
[Date "2014.12.23"]
[Round "3.33"]
[White "Keetman, Maaike"]
[Black "Sreeves, Clement"]
[Result "0-1"]
[WhiteElo "2074"]
[BlackElo "2284"]
[WhiteFideId "1033697"]
[BlackFideId "2402564"]
[EventDate "2014.12.21"]

1. e4 e5 2. Nf3 Nc6 3. d4 exd4 4. Nxd4 Nf6 5. Nc3 Bb4 6. Nxc6 bxc6 7. Bd3 d5 8.
exd5 O-O 9. O-O cxd5 10. Bg5 c6 11. Na4 h6 12. Bh4 Rb8 13. c3 Bd6 14. Bc2 Re8
15. Kh1 Ba6 16. Re1 Rxe1+ 17. Qxe1 Qe8 18. f3 Bb5 19. Qf2 g5 20. Bg3 Bxg3 21.
Qxg3 Bxa4 22. Bxa4 Rxb2 23. h4 Qb8 24. Qxb8+ Rxb8 25. hxg5 hxg5 26. Bxc6 Rc8 27.
Bb7 Rxc3 28. Rd1 Rc5 29. Kg1 Kf8 30. Rd2 Ke7 31. Kf2 Kd6 32. Ke3 Rc3+ 33. Kd4
Rc4+ 34. Ke3 Ke5 35. Ba6 Ra4 36. Bb5 Ra5 37. Rb2 Ra3+ 38. Kf2 Kd4 39. Rd2+ Kc3
40. Ke2 Kb4 41. Rb2+ Kc5 42. Bd3 Nh5 43. Rc2+ Kd4 44. Bb5 Nf4+ 45. Kf2 Nd3+ 46.
Ke2 Nb4 47. Rd2+ Kc5 48. Be8 f6 49. Bf7 Rxa2 50. Rxa2 Nxa2 51. Kd3 a5 0-1

[Event "52nd Groningen Open"]
[Site "Groningen NED"]
[Date "2014.12.23"]
[Round "3.34"]
[White "Stegariu, Vlad-Ionut"]
[Black "Hummel, Paul"]
[Result "1-0"]
[WhiteElo "2268"]
[BlackElo "2049"]
[WhiteFideId "1217860"]
[BlackFideId "1021168"]
[EventDate "2014.12.21"]

1. d4 e6 2. c4 Nf6 3. Nc3 c5 4. d5 exd5 5. cxd5 d6 6. Nf3 g6 7. Bg5 Bg7 8. Nd2
O-O 9. Nc4 a6 10. a4 Qc7 11. e3 Nbd7 12. Bf4 Ne5 13. Bxe5 dxe5 14. e4 Bg4 15.
Be2 Bxe2 16. Qxe2 b5 17. axb5 axb5 18. Rxa8 Rxa8 19. Nxb5 Qb7 20. Nca3 Ra4 21.
f3 c4 22. Nc3 Qb4 23. Qc2 Ra8 24. O-O Bf8 25. Ncb1 Rc8 26. Qc3 Qa4 27. Rc1 Bc5+
28. Kh1 Bd4 29. b3 Qa6 30. Qc2 Be3 31. Re1 cxb3 32. Qxb3 Qe2 33. Qd1 Qf2 34. Rf1
Qb2 35. Qd3 Bd4 36. Nc4 Qa2 37. Nbd2 Nh5 38. g3 Qa4 39. f4 f6 40. fxe5 fxe5 41.
Qf3 Qd7 42. Nb3 Qh3 43. Nxd4 Nxg3+ 44. Kg1 Qxf1+ 45. Qxf1 Nxf1 46. Nc6 Kf8 47.
Kxf1 g5 48. N4xe5 Ke8 49. d6 Rxc6 50. Nxc6 Kd7 51. Ne5+ Kxd6 52. Nf7+ 1-0

[Event "52nd Groningen Open"]
[Site "Groningen NED"]
[Date "2014.12.23"]
[Round "3.35"]
[White "Jarmany, John"]
[Black "Wempe, Joost"]
[Result "0-1"]
[WhiteElo "2023"]
[BlackElo "2262"]
[WhiteFideId "415421"]
[BlackFideId "1005502"]
[EventDate "2014.12.21"]

1. e4 e6 2. d4 d5 3. Nd2 Nf6 4. e5 Nfd7 5. Bd3 c5 6. c3 Nc6 7. Ne2 cxd4 8. cxd4
f6 9. Nf4 Nxd4 10. Qh5+ Ke7 11. exf6+ Nxf6 12. Ng6+ hxg6 13. Qxh8 Kf7 14. Qh4 e5
15. Nf3 Nxf3+ 16. gxf3 Bf5 17. Bxf5 gxf5 18. Bg5 Qa5+ 19. Kf1 g6 20. Qh8 Qa6+
21. Kg2 Re8 22. Rac1 Be7 23. Qh6 Qd6 24. Rc2 e4 25. Bxf6 exf3+ 26. Kxf3 Bxf6 27.
Qh7+ Bg7 28. Rhc1 d4 29. Rc7+ Re7 30. Rxe7+ Qxe7 31. h3 Qd8 32. Ke2 d3+ 33. Kf3
d2 34. Rd1 Qd3+ 35. Kg2 Qe2 36. Qh4 Qxd1 37. Qc4+ Kf6 38. Qd4+ Kg5 39. Qxg7 Qe2
40. h4+ Kxh4 41. Qh6+ Qh5 42. Qxd2 Qg5+ 43. Qxg5+ Kxg5 44. Kf3 Kf6 45. a4 Ke5
46. b4 g5 47. Ke3 f4+ 48. Kf3 Kf5 49. a5 g4+ 50. Ke2 a6 51. Kf1 Ke4 52. Ke2 Kd4
53. Kd2 Kc4 54. Kc2 Kxb4 55. Kd3 Kxa5 56. Kd4 g3 0-1

[Event "52nd Groningen Open"]
[Site "Groningen NED"]
[Date "2014.12.23"]
[Round "3.36"]
[White "Van Osch, Mees"]
[Black "Veltman, Anne"]
[Result "1-0"]
[WhiteElo "2261"]
[BlackElo "2012"]
[WhiteFideId "1035967"]
[BlackFideId "1026917"]
[EventDate "2014.12.21"]

1. e4 e6 2. d4 d5 3. Nc3 Bb4 4. e5 c5 5. a3 Bxc3+ 6. bxc3 Qc7 7. Qg4 f5 8. Qg3
cxd4 9. cxd4 Ne7 10. c3 O-O 11. Ne2 b6 12. a4 Ba6 13. Nf4 Qd7 14. Bb5 Nec6 15.
h4 Bxb5 16. axb5 Na5 17. Rb1 Nc4 18. h5 Qf7 19. Rh3 a6 20. Qh4 axb5 21. Rg3 Nc6
22. Nxd5 exd5 23. Bh6 Ra7 24. Bxg7 Qxg7 25. h6 Qxg3 26. Qxg3+ Kh8 27. Qf3 Re7
28. Rxb5 N6xe5 29. dxe5 Rxe5+ 30. Kd1 Rf6 31. Qf4 Rfe6 32. Qd4 Kg8 33. Rxd5 Re1+
34. Kc2 R6e2+ 35. Kb3 Nd2+ 36. Qxd2 Rxd2 37. Rxd2 Re6 38. Rd5 Rf6 39. Kc4 Kf7
40. Kd4 Ke6 41. Rb5 Kd7 42. g3 Kc6 43. Re5 f4 44. g4 Rxh6 45. Rf5 b5 46. Rxf4
Rd6+ 47. Ke5 Rd3 48. Rf8 Kb6 49. f4 Rxc3 50. f5 Rc5+ 51. Kf4 Kc7 52. Rf7+ Kd6
53. Rxh7 b4 54. Rh6+ Kd7 55. g5 Rb5 56. g6 Ke7 57. Rh7+ Ke8 58. Rh8+ 1-0

[Event "52nd Groningen Open"]
[Site "Groningen NED"]
[Date "2014.12.23"]
[Round "3.37"]
[White "Lyell, Mark"]
[Black "Kokje, Joris"]
[Result "1/2-1/2"]
[WhiteTitle "FM"]
[WhiteElo "2236"]
[BlackElo "1865"]
[WhiteFideId "402354"]
[BlackFideId "1051024"]
[EventDate "2014.12.21"]

1. e4 c5 2. Nc3 e6 3. g3 d5 4. Bg2 Nf6 5. e5 Nfd7 6. f4 Nc6 7. Nf3 Be7 8. O-O
O-O 9. Qe2 a6 10. b3 b5 11. Bb2 b4 12. Nd1 a5 13. Ne3 Qb6 14. d3 c4 15. bxc4
dxc4 16. Kh1 Ba6 17. Nxc4 Bxc4 18. dxc4 Rac8 19. Rad1 Nc5 20. Nd4 Nxd4 21. Bxd4
Qc7 22. f5 exf5 23. Rxf5 Ne6 24. Bd5 Bc5 25. Bb2 a4 26. Rdf1 Rce8 27. Qg4 Re7
28. Rxf7 Rfxf7 29. Rxf7 Kxf7 30. Qf5+ Ke8 31. Bxe6 g6 32. Qg4 a3 33. Ba1 Bb6 34.
Bd5 Kd8 35. e6 Qc5 36. Qd1 Kc8 37. Bf6 Re8 38. e7 Rxe7 39. Bxe7 Qxe7 40. Qg4+
Kd8 41. Kg2 Qf6 42. Qe2 Bd4 43. Qd2 Bc3 44. Qd3 Bd4 45. Bf3 Qd6 46. Qe4 Bc5 47.
Qa8+ Ke7 48. Qb7+ Qd7 49. Qe4+ Kd8 50. Qa8+ Ke7 51. Bd5 Kf6 52. Qh8+ Qg7 53. Qc8
Qe7 54. Qg4 Qe3 55. h4 Qf2+ 56. Kh3 Qf1+ 57. Bg2 Qf5 1/2-1/2

[Event "52nd Groningen Open"]
[Site "Groningen NED"]
[Date "2014.12.23"]
[Round "3.38"]
[White "Schoehuijs, Erik"]
[Black "Simonian, Tigran"]
[Result "1/2-1/2"]
[BlackTitle "IM"]
[WhiteElo "2125"]
[BlackElo "2406"]
[WhiteFideId "1004425"]
[BlackFideId "13303597"]
[EventDate "2014.12.21"]

1. d4 Nf6 2. c4 e6 3. Nc3 d5 4. Nf3 Bb4 5. Qc2 O-O 6. a3 Bxc3+ 7. Qxc3 dxc4 8.
Qxc4 b6 9. Bg5 Bb7 10. Rc1 Nc6 11. e3 h6 12. Bh4 g5 13. Bg3 Ne4 14. Ne5 Ne7 15.
Bd3 c5 16. Qc2 Nxg3 17. hxg3 cxd4 18. Rxh6 Qd5 19. Bc4 Qe4 20. Qxe4 Bxe4 21. f3
Kg7 22. Rh3 Bf5 23. g4 Bg6 24. exd4 Rac8 25. Rd1 Rfd8 26. Bb3 Bc2 27. Bxc2 Rxc2
28. b3 Rxg2 29. Kf1 Ra2 30. Nc4 Nd5 31. a4 a6 32. Rd2 Rxd2 33. Nxd2 Nf4 34. Rh2
Rxd4 35. Ke1 Rd3 36. Kd1 f5 37. Kc2 b5 38. axb5 axb5 39. gxf5 exf5 40. Rh1 b4
41. Ra1 Rc3+ 42. Kd1 Kf6 43. Ra5 Nd3 44. Rb5 Ke6 45. Rb8 Rc1+ 46. Ke2 Nf4+ 47.
Kf2 Rc2 48. Rd8 Ke5 49. Ke1 Ne6 50. Rb8 Rc1+ 51. Kf2 Nc5 52. Ke2 Rh1 53. Rxb4
Rh2+ 54. Kd1 Rf2 55. Rc4 Kd5 56. Rc3 Kd4 57. Kc2 Na6 58. Rd3+ Kc5 59. Rc3+ Kd4
60. Rd3+ Ke5 61. Kc3 Nc5 62. Rd8 Ne6 63. Re8 Kd5 64. b4 Re2 65. b5 g4 66. fxg4
fxg4 67. Rg8 Re3+ 68. Kb4 Rd3 69. Nf1 Rd4+ 70. Ka5 Ke5 71. Ne3 g3 1/2-1/2

[Event "52nd Groningen Open"]
[Site "Groningen NED"]
[Date "2014.12.23"]
[Round "3.39"]
[White "Boersma, Jan"]
[Black "Von Meijenfeldt, Bart"]
[Result "0-1"]
[BlackTitle "FM"]
[WhiteElo "2119"]
[BlackElo "2326"]
[WhiteFideId "1003267"]
[BlackFideId "1032259"]
[EventDate "2014.12.21"]

1. e4 c5 2. a3 g6 3. Bc4 Bg7 4. Nc3 Nc6 5. d3 e6 6. Nge2 Nge7 7. O-O O-O 8. Ba2
a6 9. Be3 Nd4 10. Rb1 d5 11. Nf4 dxe4 12. dxe4 Qc7 13. f3 Rd8 14. Qc1 b5 15. Rf2
Bb7 16. Nce2 e5 17. Nh3 c4 18. Ng3 Bc8 19. Ng5 h6 20. Nh3 Kh7 21. Qf1 Nec6 22.
Re1 Bxh3 23. gxh3 Ne6 24. b3 c3 25. b4 Nf4 26. Ne2 Bf6 27. Bc5 Bh4 28. Nxc3 Nd4
29. Nd5 Bxf2+ 30. Kxf2 Nxd5 31. exd5 Nxc2 32. Rc1 Nxa3 33. Kg1 a5 34. d6 Rxd6
35. bxa5 Nc4 36. Bxd6 Qa7+ 37. Qf2 Nxd6 38. Qxa7 Rxa7 39. Rc6 Rxa5 40. Bd5 Nf5
41. Bxf7 Nd4 42. Bxg6+ Kg7 43. Rb6 b4 44. Bd3 Ra2 45. Rxb4 Nxf3+ 46. Kf1 Nxh2+
47. Ke1 Nf3+ 48. Kf1 Kf6 49. Be4 Nd2+ 50. Ke1 Nxe4 51. Rxe4 Kf5 52. Rh4 e4 53.
Rxh6 Kf4 54. Re6 Kf3 55. h4 Rh2 56. Rh6 Rh1+ 57. Kd2 e3+ 58. Kd3 Rd1+ 59. Kc2 e2
60. Rf6+ Kg4 61. Rg6+ Kxh4 0-1

[Event "52nd Groningen Open"]
[Site "Groningen NED"]
[Date "2014.12.23"]
[Round "3.40"]
[White "Henseler, Jorgen"]
[Black "Maatman, Nick"]
[Result "0-1"]
[WhiteElo "2110"]
[BlackElo "2226"]
[WhiteFideId "1023233"]
[BlackFideId "1040391"]
[EventDate "2014.12.21"]

1. d4 Nf6 2. c4 e6 3. Nc3 Bb4 4. f3 d5 5. a3 Be7 6. e4 c5 7. cxd5 exd5 8. e5
Nfd7 9. Be3 cxd4 10. Bxd4 Nc6 11. Bb5 O-O 12. f4 Nc5 13. Nf3 Bg4 14. Bxc6 bxc6
15. O-O Ne6 16. h3 Bxf3 17. Rxf3 Nxd4 18. Qxd4 Qb6 19. Qxb6 axb6 20. f5 Rfe8 21.
Re1 Bf6 22. e6 fxe6 23. fxe6 Ra7 24. Rd3 Rae7 25. b4 Rxe6 26. Rxe6 Rxe6 27. b5
d4 28. Nd1 cxb5 29. Kf2 Kf7 30. Kf3 Ke7 31. Nf2 Kd6 32. Ne4+ Kd5 33. Nd2 Re3+
34. Rxe3 dxe3 35. Kxe3 Bg5+ 0-1

[Event "52nd Groningen Open"]
[Site "Groningen NED"]
[Date "2014.12.23"]
[Round "3.41"]
[White "Vogel, Jaap"]
[Black "De Groot, Hendrik"]
[Result "0-1"]
[WhiteTitle "FM"]
[WhiteElo "2195"]
[BlackElo "2097"]
[WhiteFideId "1000764"]
[BlackFideId "1037021"]
[EventDate "2014.12.21"]

1. d4 d6 2. Nf3 f5 3. g3 Nf6 4. Bg2 g6 5. O-O Bg7 6. c4 O-O 7. Nc3 c6 8. b3 Na6
9. Bb2 Qa5 10. a3 e5 11. b4 Qc7 12. d5 c5 13. b5 Nb8 14. Ng5 Qe7 15. Rb1 e4 16.
h4 h6 17. Nh3 Nbd7 18. Nf4 Ne5 19. Na4 Nfg4 20. Qb3 g5 21. hxg5 hxg5 22. Nh3 Nh6
23. Nc3 Qe8 24. f3 Qh5 25. Nd1 f4 26. g4 Nhxg4 27. fxg4 Bxg4 28. Ndf2 Bxe2 29.
Nxe4 f3 30. Nexg5 fxg2 0-1

[Event "52nd Groningen Open"]
[Site "Groningen NED"]
[Date "2014.12.23"]
[Round "3.42"]
[White "Savant, Riya"]
[Black "Gerlagh, Joris"]
[Result "1/2-1/2"]
[WhiteTitle "WFM"]
[WhiteElo "2063"]
[BlackElo "2193"]
[WhiteFideId "5067359"]
[BlackFideId "1038834"]
[EventDate "2014.12.21"]

1. d4 Nf6 2. Nf3 g6 3. g3 Bg7 4. Bg2 d5 5. O-O O-O 6. b3 c5 7. Bb2 cxd4 8. Nxd4
Re8 9. Nf3 Nc6 10. Ne5 Qc7 11. Nxc6 bxc6 12. c4 Bf5 13. cxd5 cxd5 14. Nc3 Rad8
15. Rc1 Qa5 16. Na4 e5 17. a3 Rd6 18. Nc5 Qb6 19. Na4 Qd8 20. b4 Be4 21. Nc5
Bxg2 22. Nb7 Bxf1 23. Nxd8 Bxe2 24. Qxe2 Rdxd8 25. Rd1 d4 26. Qa6 Rd7 27. Qb5
Rd5 28. Qa6 Rd7 29. Qb5 Rd5 30. Qa6 Rd7 1/2-1/2

[Event "52nd Groningen Open"]
[Site "Groningen NED"]
[Date "2014.12.23"]
[Round "3.43"]
[White "Heemskerk, Wim"]
[Black "Fluit, Johnny"]
[Result "1-0"]
[WhiteTitle "FM"]
[WhiteElo "2169"]
[BlackElo "2081"]
[WhiteFideId "1001000"]
[BlackFideId "1016253"]
[EventDate "2014.12.21"]

1. c4 Nf6 2. Nc3 c6 3. Nf3 d5 4. e3 e6 5. b3 Nbd7 6. Qc2 Bd6 7. Bb2 Qe7 8. Be2
O-O 9. Rg1 dxc4 10. bxc4 e5 11. g4 Nc5 12. g5 Ne8 13. h4 a5 14. O-O-O a4 15.
Nxe5 a3 16. Ba1 Bxe5 17. d4 Bd6 18. dxc5 Bxc5 19. Bd3 f5 20. gxf6 Nxf6 21. Ne4
Ng4 22. Nxc5 Qxc5 23. Bxh7+ Kh8 24. Qc3 Nf6 25. Rg5 Qe7 26. Bc2 b5 27. Qd3 bxc4
28. Qg6 Qe8 1-0

[Event "52nd Groningen Open"]
[Site "Groningen NED"]
[Date "2014.12.23"]
[Round "3.44"]
[White "Sandvik, Thomas"]
[Black "Stegariu, Alexandru"]
[Result "1/2-1/2"]
[WhiteElo "2060"]
[BlackElo "2156"]
[WhiteFideId "503231"]
[BlackFideId "1218042"]
[EventDate "2014.12.21"]

1. e4 c5 2. Nf3 e6 3. d4 cxd4 4. Nxd4 a6 5. c4 Nf6 6. Nc3 Qc7 7. a3 b6 8. f4 d6
9. Bd3 Bb7 10. Be3 Nbd7 11. Qf3 e5 12. Nf5 g6 13. Ng3 Bg7 14. Rc1 Nc5 15. Bxc5
dxc5 16. f5 O-O 17. O-O Rad8 18. Nd5 Bxd5 19. cxd5 b5 20. Kh1 Bh6 21. Rc2 Qb6
22. Qf2 Nd7 23. b3 Rc8 24. Qe2 Qa5 25. Ra2 Qc3 26. Bc2 c4 27. bxc4 Rxc4 28. a4
Nc5 29. axb5 axb5 30. Qg4 Qe3 31. h4 Bf4 32. Nh5 Nd3 33. Bxd3 Qxd3 34. Raf2 Rxe4
35. Nf6+ Kg7 36. Nxe4 Qxe4 37. d6 Rd8 38. f6+ Kf8 39. Rd1 h5 40. Qf3 Qf5 41. Qb7
Qxf6 42. g3 Kg7 43. Qe4 Rxd6 44. Rxd6 Qxd6 45. gxf4 exf4 46. Qxf4 Qe6 47. Kh2
Qd5 48. Qf6+ Kg8 49. Re2 Qd7 50. Qf4 Kh7 51. Rf2 Qd5 52. Rd2 Qe6 53. Kg3 Qe1+
54. Kf3 Qf1+ 55. Ke3 Qe1+ 56. Kd4 Qe7 57. Rf2 Qa7+ 58. Ke5 Kg8 59. Rd2 Qc5+ 60.
Kf6 Qc6+ 61. Rd6 Qc7 62. Qe5 Qc8 63. Kg5 Kh7 64. Kf4 Qg4+ 65. Ke3 Qxh4 66. Qf6
Qc4 67. Rd8 Qc1+ 68. Ke2 Qc4+ 69. Kf2 Qc2+ 70. Ke3 Qc1+ 71. Ke2 Qc2+ 72. Ke3 1/2-1/2

[Event "52nd Groningen Open"]
[Site "Groningen NED"]
[Date "2014.12.23"]
[Round "3.45"]
[White "Lemstra, Bart"]
[Black "Den Hartog, Marijn"]
[Result "0-1"]
[WhiteElo "1956"]
[BlackElo "2150"]
[WhiteFideId "1034430"]
[BlackFideId "1046098"]
[EventDate "2014.12.21"]

1. d4 Nf6 2. c4 g6 3. Nc3 Bg7 4. e4 d6 5. Nf3 O-O 6. h3 Nbd7 7. Bg5 h6 8. Be3 c5
9. d5 b5 10. cxb5 a6 11. Nd2 Qb6 12. a4 Qc7 13. Be2 e6 14. O-O exd5 15. exd5 Re8
16. Nc4 Ne5 17. b6 Qd8 18. a5 Nh7 19. Qd2 Nxc4 20. Bxc4 Qh4 21. Bd3 Ng5 22. Ra4
Bd4 23. Bxg5 hxg5 24. Rc4 Bxh3 25. Rxd4 cxd4 26. Ne4 Bxg2 27. Kxg2 Rxe4 28. Bxe4
Qxe4+ 29. f3 Qxd5 30. Re1 g4 31. Qf4 Qxa5 32. Qe4 gxf3+ 33. Kxf3 Rb8 34. b7 Rxb7
35. Qe8+ Kg7 36. Rh1 Qd5+ 0-1

[Event "52nd Groningen Open"]
[Site "Groningen NED"]
[Date "2014.12.23"]
[Round "3.46"]
[White "Benson, Oisin P."]
[Black "Lewin, Tammo"]
[Result "1/2-1/2"]
[WhiteElo "2010"]
[BlackElo "2131"]
[WhiteFideId "2501821"]
[BlackFideId "4668596"]
[EventDate "2014.12.21"]

1. d4 e6 2. c4 d5 3. Nc3 f5 4. Nf3 Nf6 5. g3 c6 6. Bg2 Be7 7. O-O O-O 8. b3 Nbd7
9. a4 Ne4 10. Qc2 b6 11. Ba3 Bxa3 12. Rxa3 Qe7 13. Raa1 a5 14. cxd5 cxd5 15. Nb5
Ba6 16. Rfc1 Rac8 17. Qd3 Nd6 18. Ne5 Bxb5 19. axb5 Nxe5 20. dxe5 Ne4 21. Bxe4
fxe4 22. Qd4 Rc5 23. Rxc5 Qxc5 24. Qxc5 bxc5 25. Rxa5 Rb8 26. b6 Rxb6 27. Rxc5
Rxb3 28. e3 Rb7 29. Rc6 Kf7 30. Rd6 Re7 31. g4 1/2-1/2

[Event "52nd Groningen Open"]
[Site "Groningen NED"]
[Date "2014.12.23"]
[Round "3.47"]
[White "Minko, Vladimir"]
[Black "Gieben, Stijn"]
[Result "1-0"]
[WhiteTitle "FM"]
[WhiteElo "2215"]
[BlackElo "2062"]
[WhiteFideId "24146706"]
[BlackFideId "1034170"]
[EventDate "2014.12.21"]

1. d4 d5 2. c4 c6 3. Nf3 Nf6 4. Qc2 dxc4 5. Qxc4 Bg4 6. Nc3 Nbd7 7. e4 Bxf3 8.
gxf3 e5 9. Be3 Nb6 10. Qd3 Bd6 11. Rg1 O-O 12. Bg5 Nbd7 13. O-O-O exd4 14. Qxd4
Bxh2 15. Rg2 Qc7 16. Qe3 Bd6 17. f4 Rfe8 18. Bc4 b5 19. Bd3 Nd5 20. Nxd5 cxd5+
21. Kb1 Nf8 22. e5 Be7 23. Qh3 Bxg5 24. Bxh7+ Nxh7 25. Rh1 Kf8 26. Qxh7 f6 27.
fxg5 Qxe5 28. gxf6 Qxf6 29. Rhg1 Rac8 30. Rxg7 1-0

[Event "52nd Groningen Open"]
[Site "Groningen NED"]
[Date "2014.12.23"]
[Round "3.48"]
[White "Maris, Ivo"]
[Black "Zuiderweg, Edwin"]
[Result "1-0"]
[WhiteElo "2232"]
[BlackElo "2010"]
[WhiteFideId "1028146"]
[BlackFideId "1012207"]
[EventDate "2014.12.21"]

1. g3 d5 2. Bg2 c5 3. Nf3 Nc6 4. O-O Nf6 5. d4 e6 6. c4 cxd4 7. Nxd4 Bc5 8. Nb3
Be7 9. cxd5 exd5 10. Nc3 Be6 11. Nd4 Nxd4 12. Qxd4 Qa5 13. Bd2 Qb4 14. Qxb4 Bxb4
15. Rfd1 Be7 16. Be3 O-O 17. Nxd5 Nxd5 18. Bxd5 Bxd5 19. Rxd5 Bf6 20. Rc1 Rfc8
21. Rxc8+ Rxc8 22. Rd7 b5 23. b3 a5 24. Rd5 Rb8 25. Bf4 Rb7 26. a4 bxa4 27. bxa4
g5 28. Bxg5 Bc3 29. Bd8 Rb4 30. Bxa5 Rb1+ 31. Kg2 1-0